000 00795nam a2200217 4500
001 112067
003 ES-MaACL
005 20230906185427.0
007 t|
008 061121s1949 sp r ||||1| spa d
100 1 _aNavarro Latorre, José.
_985141
245 1 1 _a¿Conspiración española ? 1787-1789 /
_cJosé Navarro Latorre y Fernando Solano Costa.
260 _aZaragoza :
_bInstituto ` Fernando el Católico`,
_c1949.
300 _aVIII, 361 p. map. pleg. I-XII. lám. I-II ;
_c24 cm.
490 1 _aSección de Estudios Americanos ;
_vvol. 1
700 1 _aSolano Costa, Fernando.
_9107083
710 2 _aInstitución "Fernando el Católico"
_94721
830 0 _aSección de Estudios Americanos ;
_vvol. 1
_9233102
852 _aES-MaACL
_jD-7282
_bR.29559
999 _c112067
_d112067